| 000 | 00386nam a2200145Ia 4500 | ||
|---|---|---|---|
| 008 | 191206s9999 xx 000 0 und d | ||
| 020 | _a0333483081 : | ||
| 090 | _aPR6005.04H4758 | ||
| 245 | 0 | _aHeart of darkness | |
| 260 | _aMacmillan | ||
| 260 | _b"Critics debate (Houndmills, Basingstoke, England)" | ||
| 260 | _cc1991 | ||
| 300 | _a"xi, 90 p. ; 23 cm." | ||
| 999 |
_c16132 _d16132 |
||